<?xml version="1.0" encoding="UTF-8"?>
<collection xmlns="http://www.loc.gov/MARC21/slim">
 <record>
  <leader>01270ngm a22003015g 4500</leader>
  <controlfield tag="001">CEM.cems023222</controlfield>
  <controlfield tag="008">130507s2007##################0###0#####d</controlfield>
  <controlfield tag="005">20250219193053.0</controlfield>
  <datafield tag="245" ind1="1" ind2="0">
   <subfield code="a">La gravedad /</subfield>
   <subfield code="c">Douglas Cohen.</subfield>
  </datafield>
  <datafield tag="260" ind1=" " ind2=" ">
   <subfield code="a">Estados Unidos,</subfield>
   <subfield code="c">2007.</subfield>
  </datafield>
  <datafield tag="300" ind1=" " ind2=" ">
   <subfield code="a">45'.</subfield>
  </datafield>
  <datafield tag="490" ind1="0" ind2=" ">
   <subfield code="a">El Universo</subfield>
  </datafield>
  <datafield tag="500" ind1=" " ind2=" ">
   <subfield code="a">Consultar en ventanilla.</subfield>
  </datafield>
  <datafield tag="520" ind1=" " ind2=" ">
   <subfield code="a">La gravedad es la fuerza más poderosa y precisa del universo, que todo lo domina y atraviesa. La fuerza de la gravedad nos mantiene unidos, sostiene a las estrellas en el cielo y aplasta la luz. La gravedad también mantiene a los planetas unidos y hace que orbiten alrededor de sus soles. sin la gravedad, las estrellas, los cometas, las lunas, las nebulosas e, incluso, la propia tierra, no existirían.</subfield>
  </datafield>
  <datafield tag="538" ind1=" " ind2=" ">
   <subfield code="a">Soporte: DVD - Color: Si - Grabación DRD.</subfield>
  </datafield>
  <datafield tag="590" ind1=" " ind2=" ">
   <subfield code="a">Identificación anterior registrada en SIABUC: DVD Nº100</subfield>
  </datafield>
  <datafield tag="100" ind1="1" ind2=" ">
   <subfield code="a">Cohen, Douglas</subfield>
  </datafield>
  <datafield tag="710" ind1="2" ind2=" ">
   <subfield code="a">History Channel.</subfield>
  </datafield>
  <datafield tag="082" ind1="5" ind2="2">
   <subfield code="/">COH-2.2</subfield>
  </datafield>
  <datafield tag="653" ind1=" " ind2=" ">
   <subfield code="a">ASTRONOMÍA</subfield>
  </datafield>
  <datafield tag="653" ind1=" " ind2=" ">
   <subfield code="a">FISICA</subfield>
  </datafield>
  <datafield tag="653" ind1=" " ind2=" ">
   <subfield code="a">GRAVEDAD</subfield>
  </datafield>
  <datafield tag="653" ind1=" " ind2=" ">
   <subfield code="a">FUERZAS GRAVITATORIAS</subfield>
  </datafield>
  <datafield tag="653" ind1=" " ind2=" ">
   <subfield code="a">UNIVERSO</subfield>
  </datafield>
  <datafield tag="653" ind1=" " ind2=" ">
   <subfield code="a">NIVEL SECUNDARIO</subfield>
  </datafield>
  <datafield tag="653" ind1=" " ind2=" ">
   <subfield code="a">SERIE</subfield>
  </datafield>
  <datafield tag="653" ind1=" " ind2=" ">
   <subfield code="a">DOCUMENTAL</subfield>
  </datafield>
  <datafield tag="859" ind1=" " ind2=" ">
   <subfield code="a">CEMS</subfield>
   <subfield code="b">BIB. CEMS - Depto. Recursos Didacticos</subfield>
   <subfield code="h">520</subfield>
   <subfield code="i">COH-2.2</subfield>
   <subfield code="k">DRD</subfield>
   <subfield code="p">1865.13</subfield>
   <subfield code="t">Ej.1</subfield>
  </datafield>
 </record>
</collection>
